000
00272nam a2200085Ia 4500
245
0
_a
Portrait with keys : Joburg & what-what
100
_a
VLADISLAVIC, Ivan Roggebaai [South Africa], 2006 1st ed
_9
102959
942
_c
BK
008
210818s9999 xx 000 0 und d
999
_c
450136
_d
450135